00570nam a2200157Ia 4500008004000000020001800040082001500058100002000073245003200093260004100125300001300166690002300179906001100202999001900213952018000232210210b2006 xxu||||| |||| 00| 0 eng d a81 7992 232 4 a158.1 SHAW aSHARMA (Robin). aWho will cry when you die ? aMumbaibJaico Publishing Housec2006 axix, 225 aApplied Psychology a061700 c108541d108541 001040708PsychologyaALbALcPsychologyd2021-02-17eHigginbothams (P) Ltd., Mangalore-01g150.00l6m1o158.1 SHAWp061700r2026-03-21 11:51:28s2026-03-07w2021-02-17yBK